000 00651nam a2200241 a 4500
001 720
003 BR-CuiBMT
005 20231114193646.0
008 231114s2009 rjba 000 0 por d
020 _a9788537505588
040 _aBR-CuiBMT
_cBR-CuiBMT
080 _22007
_a343.232
090 _a343.232
_bB588t
100 1 _aBierrenbach, Sheila
_d1944-
245 1 0 _aTeoria do crime /
_cSheila Bierrenbach
260 _aRio de Janeiro :
_bLumen Juris,
_c2009.
300 _a282 p. :
_bil. color. ;
_c24 cm
504 _aInclui bibliografia.
650 _aDireito penal
650 _aConduta humana
650 _aTeoria do crime
942 _2udc
_cLV
999 _c720
_d720